000 00509nam a22001697a 4500
999 _c8380
_d8380
008 201117b ||||| |||| 00| 0 eng d
040 _aBMS College of Architecture
100 _aVarsha, S. M
245 _aDifferent standards
300 _a57p.
500 _a1BM15AT086
502 _8B,Arch
_NBMS College of Architecture, Visvesvaraya Technological University (VTU)
_aProject report
_d2019
650 _aStandards
700 _aShanthala V
_eGuide
700 _aPooja Surya Kumar
_eGuide
942 _2ddc
_cTHE